Statistics for Pokemon Evolutions By Stones

Click here to take the quiz!

General Stats

  • This quiz has been taken 1,017 times
    (179 since last reset)
  • The average score is 32 of 39

Answer Stats

Pre Evolution After Evolution % Correct
Vulpix with Fire StoneNinetales
99%
Alolan VulpixAlolan Ninetales
99%
EeveeFlareon
99%
EeveeVaporeon
98%
GrowlitheArcanine
97%
EeveeJolteon
96%
Pikachu with ThunderstoneRaichu
94%
StaryuStarmie
94%
ClefairyClefable
93%
Poliwhirl with Water StonePoliwrath
93%
NidorinoNidoking
93%
ShellderCloyster
92%
Nidorina with Moon StoneNidoqueen
91%
JigglypuffWigglytuff
91%
Gloom with Leaf StoneVileplume
89%
LombreLudicolo
88%
WeepinbellVictreebel
88%
RoseliaRoserade
83%
ExeggcuteExeggutor
83%
Togetic with Shiny StoneTogekiss
83%
NuzleafShiftry
82%
PansearSimisear
82%
PansageSimisage
81%
PanpourSimipour
80%
SkittyDelcatty
80%
SunkernSunflora
79%
Gloom with Sun StoneBellossom
74%
MisdreavusMismagius
73%
LampentChandelure
72%
Alolan Sandshrew with Ice StoneAlolan Sandslash
72%
Kirlia (Male) with Dawn StoneGallade
71%
MunnaMusharna
70%
Murkrow with Dusk StoneHonchkrow
67%
Snorunt (Female)Froslass
67%
EelektrikEelektross
64%
MinccinoCinccino
63%
DoubladeAegislash
62%
CottoneeWhimsicott
61%
PetililLilligant
57%

Score Distribution

Percentile by Number Answered

Percent of People with Each Score

Your Score History

You have not taken this quiz since the last reset